000 00614nam a2200205 i 4500
001 60076
003 ES-MaACL
005 20250804062558.0
007 t|
008 031103s1968 sp ||||1| spa d
100 1 _aEscarpit, Robert.
_947516
245 1 3 _aLa revolución del libro /
_cRobert Escarpit.
260 _aMadrid :
_bAlianza Editorial,
_c[1968]
300 _a205 p. ;
_c18 cm.
490 1 _aEl libro de bolsillo. Humanidades ;
_v148
650 4 _aEdición.
_912050
830 1 3 _aEl libro de bolsillo.
_pHumanidades
_v148
_9178672
852 _aES-MaACL
_jC-35325
999 _c60076
_d60076